000 00653cam a22002055a 4500
001 L156132
008 120501s1871 xxk f 000 0 eng d
035 _a(Sirsi) u156132
041 0 _aeng
100 1 _aDobson, Edward
_d1816-1908
245 0 4 _aThe student's guide to the practice of measuring and valuing artificers works
250 _aNew ed.
_bwith additions .. by E. W. Tarn
260 _aLondon
_bLockwood & Co.
_c1871
300 _axxvii, 351p.
_bill.
_c23 cm.
583 _aCondition reviewed
_c20120620
_lcondition level 4
651 4 _aGreat Britain
_y1707-
690 _aMeasurement
_96256
700 1 _aTarn, Edward Wyndham
942 _n0
999 _c114049
_d114049